Manual de ingeniería básica para la prevención y extinción de incendios forestales / Josep Arnaldos Viguer... [et al.]
ISBN:
84-8476-120-7
Publicado:
Madrid [etc.] :
Mundi - Prensa ; Barcelona : Institut d'Edicions de la Diputació de Barcelona ,
2003
Descripción Física:
414 p. : il. col., taules, gràf. ; 24 cm
Otros Autores:
Arnaldos Viger, Josep
MARC
| LEADER | 00000nam a2200000Ia 4500 | ||
|---|---|---|---|
| 001 | 16606 | ||
| 008 | 160829s2003 xx 000 0 cat d | ||
| 020 | |a 84-8476-120-7 | ||
| 080 | |a C-2-358 | ||
| 245 | |a Manual de ingeniería básica para la prevención y extinción de incendios forestales / Josep Arnaldos Viguer... [et al.] | ||
| 260 | |a Madrid [etc.] : |b Mundi - Prensa ; Barcelona : |b Institut d'Edicions de la Diputació de Barcelona, |c 2003 | ||
| 300 | |a 414 p. : |b il. col., taules, gràf. ; |c 24 cm | ||
| 590 | |a Annexes. | ||
| 590 | |a Glossari | ||
| 650 | 0 | |a Incendis forestals |x Prevenció i control |9 50256 | |
| 700 | |a Arnaldos Viger, Josep |9 30176 | ||
| 901 | |a Arxiu | ||
| 942 | |n 1 | ||
| 952 | |0 0 |1 0 |4 0 |6 C2358 |7 1 |9 45308 |a Arxiu |b Arxiu |d 2016-12-01 |l 0 |o C-2-358 |p 16606 |r 2016-12-01 00:00:00 |w 2016-12-01 |y ARXIU | ||
| 999 | |c 48382 |d 48382 | ||